00845nam a2200217Ia 4500003000900000008004100009020001800050040001600068080002500084111006700109245014800176260003900324300002300363650004100386650001900427650002200446700003600468942000700504999001500511952010100526IN-BaIIA211028s9999 xx 000 0 eng d a0-902553-30-5 cIIA Library a524.3-52(082.2)bSTA aWorkshop on Star formationcEdinburghd1983 Oct. 4-6913864 0aStar formation Workshopbproceedings of the Workshop on Star formation held in Edinburgh, 4-6 October 1983 cedited by R. D. Wolstencroft aEdinburghbRoyal Observatoryc1984 a[various pagings.] aAstronomy and Astrophysics thesaurus aStar formation aStellar Evolution aWolstencroft, R. D., ed.913444 cBK c8264d8264 00104070aBANbBANcGENd1985-05-06l0o524.3-52(082.2)/ STAp9108r2021-11-05w1985-05-06yBK